000 01279nam a2200313Ia 4500
001 ebr10022977
003 CaPaEBR
006 m u
007 cr cn|||||||||
008 010601s2001 nyu sb 001 0 eng d
020 _z0312299141
040 _aCaPaEBR
_cCaPaEBR
035 _a(OCoLC)55664209
050 1 4 _aPN56.S52
_bC35 2001eb
082 0 4 _a809/.93353
_221
100 1 _aCallahan, Anne.
245 1 0 _aWriting the voice of pleasure
_h[electronic resource] :
_bheterosexuality without women /
_cAnne Callahan.
260 _aNew York ;
_aHoundmills, Basingstroke, Hampshire :
_bPalgrave,
_c2001.
300 _aix, 273 p.
504 _aIncludes bibliographical references and index.
533 _aElectronic reproduction.
_bPalo Alto, Calif. :
_cebrary,
_d2009.
_nAvailable via World Wide Web.
_nAccess may be limited to ebrary affiliated libraries.
650 0 _aSex role in literature.
650 0 _aMan-woman relationships in literature.
650 0 _aEuropean literature
_xHistory and criticism.
650 0 _aFrench literature
_xHistory and criticism.
655 7 _aElectronic books.
_2local
710 2 _aebrary, Inc.
856 4 0 _uhttp://site.ebrary.com/lib/rucke/Doc?id=10022977
_zAn electronic book accessible through the World Wide Web; click to view
999 _c7646
_d7646